| 000 | 00462nam a2200133Ia 4500 | ||
|---|---|---|---|
| 008 | 191108s9999 xx 000 0 und d | ||
| 020 | _a978-0-446-38639-5 | ||
| 100 | _aPeters, Tom | ||
| 245 |
_cTom Peter & Nancy Austin .-- _aA passion for excellence: _bThe leadership experience / |
||
| 260 |
_aNew York: _bWarner Books Inc. _c1986 |
||
| 300 | _a575 pages : | ||
| 500 | _aIncludes acknowledgements and index. | ||
| 650 | _aIndustrial management -- United States | ||
| 999 |
_c362493 _d362493 |
||